Music Quiz

Random Music or Album Quiz

The Killers Albums (UK) Quiz Stats

 Plays Quiz not verified by Sporcle

Challenge
Share
Tweet
Embed
Score 0/6 Timer 02:00
0 Plays Today
Year Album % Correct
2012Battle Born
100%
2006Sam's Town
98.7%
2007Sawdust
96.2%
2004Hot Fuss
94.9%
2008Day & Age
93.7%
2009Live From The Royal Albert Hall
34.2%

You're not logged in!

Compare scores with friends on all Sporcle quizzes.
Join for Free
OR
Log In

You Might Also Like...

Show Comments

Extras

Top Quizzes Today


Score Distribution

Your Account Isn't Verified!

In order to create a playlist on Sporcle, you need to verify the email address you used during registration. Go to your Sporcle Settings to finish the process.

Report this User

Report this user for behavior that violates our Community Guidelines.

Details: